000 00758nam a2200253Ia 4500
003 OSt
005 20221002045448.0
006 a|||||r|||| 00| 0
007 ta
008 220930b |||||||| |||| 00| 0 eng d
020 _a9781857435641 (hbk)
_c34131
024 _a104684
037 _b31614, 18/03/2011, Segment Book Distributors
_cReference Collections
040 _aCRL
_cCRL
_beng
041 _2eng
_aeng
082 _an6,N70, Q1(RR)
245 0 _aAfrica South of the Sahara 2011
250 _a40th
260 _aLondon
_bRoutledge UK
_c2011
300 _axxi,1582p.
_ccm.
650 _aGENERALIA
942 _hn6,N70, Q1(RR)
_cref
_2CC
999 _c912439
_d912439